Working capital fund pricing policies: lessons from Defense finance and accounting service expenditure and workload data (Record no. 53073)

000 -LEADER
fixed length control field 01307pab a2200181 454500
008 - FIXED-LENGTH DATA ELEMENTS--GENERAL INFORMATION
fixed length control field 180718b2002 xxu||||| |||| 00| 0 eng d
100 ## - MAIN ENTRY--PERSONAL NAME
Personal name Keating, Edward G.
245 ## - TITLE STATEMENT
Title Working capital fund pricing policies: lessons from Defense finance and accounting service expenditure and workload data
260 ## - PUBLICATION, DISTRIBUTION, ETC.
Date of publication, distribution, etc. 2002
300 ## - PHYSICAL DESCRIPTION
Extent p.73-81.
362 ## - DATES OF PUBLICATION AND/OR SEQUENTIAL DESIGNATION
Dates of publication and/or sequential designation Jan-Feb
520 ## - SUMMARY, ETC.
Summary, etc. This article analyzes how service-providing government agencies should set the prices they charge to other governmental customers. Current Defense Working Capital Fund (DWCF) rules generally prescribe use of expected average cost transfer pricing. However, analysis of the Defense Finance and Accounting Service (DFAS), as an example, suggests DFAS has considerable fixed costs. These fixed costs are problematic under present DWCF pricing rules. If customer demand levels fall short of expectations, DFAS customers more appropriate incentives with respect to how much workload to give DFAS (versus trying to do it themselves or turning it over to contractors). We hypothesize that insights from DFAS may be applicable to other governmental working capital fund entities as well. - Reproduced.
650 ## - SUBJECT ADDED ENTRY--TOPICAL TERM
Topical term or geographic name entry element Defence
650 ## - SUBJECT ADDED ENTRY--TOPICAL TERM
Topical term or geographic name entry element Prices
700 ## - ADDED ENTRY--PERSONAL NAME
Personal name Gates, Susan M.
773 ## - HOST ITEM ENTRY
Main entry heading Public Administration Review
909 ## -
-- 53073
Holdings
Withdrawn status Lost status Damaged status Not for loan Permanent Location Current Location Date acquired Serial Enumeration / chronology Barcode Date last seen Price effective from Koha item type
        Indian Institute of Public Administration Indian Institute of Public Administration 2018-07-19 Volume no: 62, Issue no: 1 AR53510 2018-07-19 2018-07-19 Articles

Powered by Koha